Guide to the RIBA domestic and concise building contracts 2014 / (Record no. 121288)
[ view plain ]
| 000 -LEADER | |
|---|---|
| fixed length control field | 01144cam a2200349 i 4500 |
| 001 - CONTROL NUMBER | |
| control field | 18744415 |
| 005 - DATE AND TIME OF LATEST TRANSACTION | |
| control field | 20221228164111.0 |
| 008 - FIXED-LENGTH DATA ELEMENTS--GENERAL INFORMATION | |
| fixed length control field | 221228s2015 enk f b 001 0 eng |
| 010 ## - LIBRARY OF CONGRESS CONTROL NUMBER | |
| LC control number | 2014482732 |
| 020 ## - INTERNATIONAL STANDARD BOOK NUMBER | |
| ISBN | 9781859465455 (pbk.) |
| 035 ## - SYSTEM CONTROL NUMBER | |
| System control number | (Uk-RwCLS)uk30337368 |
| 040 ## - CATALOGING SOURCE | |
| Original cataloging agency | DLC |
| 041 ## - LANGUAGE CODE | |
| Language code of text/sound track or separate title | eng |
| 042 ## - AUTHENTICATION CODE | |
| Authentication code | pcc |
| 043 ## - GEOGRAPHIC AREA CODE | |
| Geographic area code | e-uk-en |
| 050 00 - Library of Congress Classification | |
| Class mark | 692.8 LUP |
| 100 1# - MAIN ENTRY--PERSONAL NAME | |
| Personal author | Lupton, Sarah, |
| Relator term | author. |
| 245 10 - TITLE STATEMENT | |
| Title | Guide to the RIBA domestic and concise building contracts 2014 / |
| Statement of responsibility, etc | Sarah Lupton. |
| 246 3# - VARIANT TITLE | |
| Title | Guide to the Royal Institute of British Architects domestic and concise building contracts 2014 |
| 264 #1 - PRODUCTION, PUBLICATION, DISTRIBUTION, MANUFACTURE, AND COPYRIGHT NOTICE | |
| Place of production, publication, distribution, manufacture | Newcastle upon Tyne : |
| Name of producer, publisher, distributor, manufacturer | RIBA Publishing, |
| Date of production, publication, distribution, manufacture, or copyright notice | 2015. |
| 300 ## - PHYSICAL DESCRIPTION | |
| Physical description | x, 116 pages ; |
| Dimensions | 25 cm |
| 504 ## - BIBLIOGRAPHY, ETC. NOTE | |
| Bibliography, etc | Includes bibliographical references and index. |
| 650 #0 - KEYWORDS | |
| Keywords | Architectural contracts |
| Geographic subdivision | England. |
| 651 ## - SUBJECT ADDED ENTRY--GEOGRAPHIC NAME | |
| Geographic name | United Kingdom |
| 690 ## - BROAD SUBJECT | |
| 9 (RLIN) | 6232 |
| Broad subject | Contracts |
| 942 ## - ADDED ENTRY ELEMENTS (KOHA) | |
| Suppress in OPAC | Do not suppress in OPAC |
| 336 ## - CONTENT TYPE | |
| Content type term | text |
| Source | rdacontent |
| 337 ## - MEDIA TYPE | |
| Media type term | unmediated |
| Source | rdamedia |
| 338 ## - CARRIER TYPE | |
| Carrier type term | volume |
| Source | rdacarrier |
| 906 ## - LOCAL DATA ELEMENT F, LDF (RLIN) | |
| a | 7 |
| b | cbc |
| c | origres |
| d | 2 |
| e | ncip |
| f | 20 |
| g | y-gencatlg |
| Lost status | Source of classification or shelving scheme | Damaged status | Not for loan | Home library | Current library | Shelving location | Date acquired | Total Checkouts | Full call number | Date last seen | Price effective from | Koha item type |
|---|---|---|---|---|---|---|---|---|---|---|---|---|
| Dewey Decimal Classification | London | London | Books | 28/12/2022 | 692.8 LUP | 24/05/2023 | 28/12/2022 | Book |